湖北省小测验-Hubei Province Quiz - Statistics

General Stats
  • This quiz has been taken 37 times
  • The average score is 20 of 23
Answer Stats
提示 答案 % Correct
省会城市 武汉市
100%
拥有的“985”大学 武汉大学
100%
这座建筑是中国古代四大名楼之一 黄鹤楼
100%
相邻的省级行政区 安徽省
97%
相邻的省级行政区 湖南省
97%
相邻的省级行政区 江西省
97%
这条河流是长江中游的最大支流 汉江
97%
三国“三大战役”中有两个发生于现在的湖北 {赤壁}之战
97%
相邻的省级行政区 河南省
93%
相邻的省级行政区 陕西省
93%
相邻的省级行政区 重庆市
93%
中国东部最大的原始森林和国家级自然保护区 神农架
93%
拥有的“985”大学 华中科技大学
90%
主要的汉方言大类 官话
87%
这座山是中国四大道教名山之一 武当山
87%
这位战国诗人出生于今湖北宜昌, 被称为中国浪漫主义文学的奠基人 屈原
87%
这位近代诗人是《七子之歌》的作者, 他出生于湖北浠水 闻一多
77%
这位企业家出生于湖北仙桃, 他是一家著名科技公司的创始人 雷军
77%
主要的汉方言大类 赣语
73%
长江三峡中最长的峡谷 西陵峡
73%
这个县级市出产的小龙虾全国闻名 潜江市
70%
三国“三大战役”中有两个发生于现在的湖北 {夷陵}之战
60%
这个县被称为“中国第一将军县” 红安县
40%
No matching quizzes found
Score Distribution
Percent of People with Each Score
Percentile by Number Answered
Your Score History
You have not taken this quiz